| Tag |
First Indicator |
Second Indicator |
Subfields |
| LEADER |
00000cam a2200000 i 4500 |
| 001 |
in00004076921 |
| 005 |
20190718163753.0 |
| 006 |
m o d f |
| 007 |
cr bn||||a|||| |
| 008 |
100429m19769999dcua o f001 0 eng c |
| 019 |
|
|
|a 654317342
|a 894824303
|
| 035 |
|
|
|a (OCoLC)ocn610230211
|
| 040 |
|
|
|a OCLCE
|b eng
|e rda
|e pn
|c OCLCE
|d OCLCQ
|d OCLCF
|d OCLCO
|d OCLCQ
|d GPO
|d MvI
|d UtOrBLW
|
| 042 |
|
|
|a dlr
|a pcc
|
| 043 |
|
|
|a n-us---
|
| 049 |
|
|
|a WWW
|
| 074 |
|
|
|a 1033 (online)
|
| 086 |
0 |
|
|a Y 4.AP 6/2:H 81/2/977/
|
| 110 |
1 |
|
|a United States.
|b Congress.
|b House.
|b Committee on Appropriations.
|b Subcommittee on HUD-Independent Agencies.
|0 http://id.loc.gov/authorities/names/n80056767
|
| 245 |
1 |
0 |
|a Department of Housing and Urban Development--independent agencies appropriations for 1977 :
|b hearings before a Subcommittee of the Committee on Appropriations, House of Representatives, Ninety-fourth Congress, second session /
|c Subcommittee on HUD-Independent Agencies.
|
| 246 |
3 |
|
|a HUD--independent agencies appropriations for 1977
|
| 264 |
|
1 |
|a Washington :
|b U.S. Government Printing Office,
|c 1976-
|
| 300 |
|
|
|a 1 online resource (volumes) :
|b illustrations
|
| 336 |
|
|
|a text
|b txt
|2 rdacontent
|
| 337 |
|
|
|a computer
|b c
|2 rdamedia
|
| 338 |
|
|
|a online resource
|b cr
|2 rdacarrier
|
| 588 |
|
|
|a Description based on online resource; title from part 3 PDF title screen (govinfo web site, viewed on Feb. 6, 2019).
|
| 505 |
1 |
|
|a part 3. National Science Foundation.
|
| 651 |
|
0 |
|a United States
|x Appropriations and expenditures
|y 1977.
|
| 650 |
|
7 |
|a Expenditures, Public.
|2 fast
|0 (OCoLC)fst00918345
|
| 651 |
|
7 |
|a United States.
|2 fast
|0 (OCoLC)fst01204155
|
| 648 |
|
7 |
|a 1977
|2 fast
|
| 655 |
|
7 |
|a Legislative hearings.
|2 lcgft
|0 http://id.loc.gov/authorities/genreForms/gf2013025047
|
| 776 |
0 |
8 |
|i Print version:
|a United States. Congress. House. Committee on Appropriations. Subcommittee on HUD-Independent Agencies.
|t Department of Housing and Urban Development--independent agencies appropriations for 1977
|w (DLC) 76601603
|w (OCoLC)2179510
|
| 856 |
4 |
0 |
|u https://purl.fdlp.gov/GPO/gpo115763
|t 0
|
| 999 |
f |
f |
|s 48f33e16-f9ee-376f-a177-d07bfe7ff4d8
|i 80931169-3e26-36bd-9f28-5b62cbd0ac12
|t 0
|
| 952 |
f |
f |
|a Texas A&M University
|b College Station
|c Electronic Resources
|d Available Online
|t 0
|e Y 4.AP 6/2:H 81/2/977/
|h Superintendent of Documents classification
|
| 998 |
f |
f |
|a Y 4.AP 6/2:H 81/2/977/
|t 0
|l Available Online
|